00457nam a2200169Ia 450000500170000000800410001704000190005804100120007708200130008910000180010224500620012026000380018230000150022050400300023565000120026585000100027720241003094941.0131103s9999 xx 000 0 und d aLoreto College aEnglish a900bBOL aBolgar, R. R. 4aThe classical heritage and its beneficiariescR. R.Bolgar aNew YorkbHarper Torchbooksc1954 avii,591p.  aIncludes appendix & index aHistory aLCBED